ბათუმის შოთა რუსთაველის სახელმწიფო უნივერსიტეტის ბიბლიოთეკა

სუხომლინსკი / (ბიბ.ჩანაწერი № 37999)

000 -ლიდერი
ფიქსირებული სიგრძის საკონტროლო ველი 01305nam a2200277Ia 4500
001 - საკონტროლო ნომერი
საკონტროლო ველი 3983
003 - საკონტროლო ნომრის იდენტიფიკატორი
საკონტროლო ველი GE_BSU
005 - ბოლო ოპერაციის თარიღი და დრო
საკონტროლო ველი 20190829162707.0
008 - ფიქსირებული სიგრძის მონაცემთა ელემენტები - ზოგადი ინფორმაცია
ფიქსირებული სიგრძის საკონტროლო ველი 181216s1989||||ge |||||||||||||| ||geo||
020 ## - წიგნის საერთაშორისო სტანდარტული ნომერი
International Standard Book Number 5 525 00153 5
040 ## - კატალოგიზაციის წყარო
Transcribing agency GE_BSU
041 ## - ენის კოდი
Language code of text/sound track or separate title geo
080 ## - უნივერსალური ათობითი კლასიფიკაციის ინდექსი
Universal Decimal Classification number 37.01(092)+371.48 ტ–34
100 ## - მთავარი ჩანაწერი - პიროვნების სახელი
Personal name ტარტაკოვსკი, ბორის
9 (RLIN) 3831
245 ## - ცნობა სათაურის შესახებ
Title სუხომლინსკი /
Statement of responsibility, etc ბ.ტარტაკოვსკი; რედ. ნორა ქართველიშვილი; თარგმნა ვასო ბაიაძემ.
250 ## - გამოცემის ცნობა
Edition statement მე-2 გამოცემა
264 ## - წარმოების, გამოცემის, დისტრიბუციის და სხვა ცნობები
გამოცემის, წარმოების, დისტრიბუციის... ადგილი თბ. :
გამოცემის, წარმოების, დისტრიბუციის... სახელწოდება ნაკადული,
გამოცემის, წარმოების, დისტრიბუციის... თარიღი 1989.
300 ## - ფიზიკური აღწერა
Extent 303გვ. ;
Other physical details 21სმ.
490 ## - სერიის ცნობა
Series statement გამოჩენილ ადამიანთა ცხოვრება ;
Volume number/sequential designation 83
600 ## - SUBJECT ADDED ENTRY--PERSONAL NAME
Personal name სუხომლინსკი ვ.
9 (RLIN) 3832
653 ## - INDEX TERM--UNCONTROLLED
Uncontrolled term უკრაინელი პედაგოგები
653 ## - INDEX TERM--UNCONTROLLED
Uncontrolled term უკრაინული პედაგოგიკური აზრის ისტორია
700 ## - ADDED ENTRY--PERSONAL NAME
Personal name ქართველიშვილი, ნორა
Relator term რედაქტორი
9 (RLIN) 3833
700 ## - ADDED ENTRY--PERSONAL NAME
Personal name ბაიაძე, ვასო
Relator term მთარგმნელი
9 (RLIN) 3834
942 ## - ADDED ENTRY ELEMENTS (KOHA)
Koha item type წიგნი
Source of classification or shelving scheme
ეგზემპლარები
ჩამოწერის სტატუსი დაკარგული ეგზემპლარის სტატუსი კლასიფიკაციის წყარო ან თაროზე გაწყობის სქემა დაზიანების სტატუსი არ გაიცემა მუდმივი მდებარეობა (დაცვის ადგილი) ამჟამინდელი ადგილსამყოფელი თაროზე განთავსების ადგილი შეძენის თარიღი ღირებულება, შესყიდვის ნორმალური ფასი სრული შენახვის შიფრი შტრიხკოდი ბოლო ოპერაციის თარიღი ეგზემპლარის მიმდევრობითი ნომერი (კეტერი?) ფასის ძალაში შესვლის თარიღი ეგზემპლარის სახეობა საჯარო შენიშვნა
          ბათუმის შოთა რუსთაველის სახელმწიფო უნივერსიტეტის მთავარი ბიბლიოთეკა ბათუმის შოთა რუსთაველის სახელმწიფო უნივერსიტეტის მთავარი ბიბლიოთეკა წიგნსაცავი 2018-12-17 5.00 37.01(092)+371.48 ტ–34 5551 2018-12-17 5551 2018-12-17 წიგნი 5 ლ.
          ბათუმის შოთა რუსთაველის სახელმწიფო უნივერსიტეტის მთავარი ბიბლიოთეკა ბათუმის შოთა რუსთაველის სახელმწიფო უნივერსიტეტის მთავარი ბიბლიოთეკა წიგნსაცავი 2018-12-17 5.00 37.01(092)+371.48 ტ–34 5567 2018-12-17 5567 2018-12-17 წიგნი 5 ლ.